[Event "DSOL 03 Liga Gr-C 1st"]
[Site "Playchess.com INT"]
[Date "2020.07.08"]
[Round "3.2"]
[White "Gebert Vangeel, Ralf"]
[Black "Boehmer, Michael"]
[Result "1/2-1/2"]
[WhiteElo "2019"]
[BlackElo "1828"]
[PlyCount "50"]
[EventDate "2020.06.22"]
[EventType "team-tourn (rapid)"]
[EventCountry "GER"]
[SourceTitle "EXT 2021"]
[Source "ChessBase"]
[SourceDate "2020.10.23"]
[SourceVersion "1"]
[SourceVersionDate "2020.10.23"]
[SourceQuality "1"]
[WhiteTeam "Mariendorf Tempelhof"]
[BlackTeam "Geseke"]
[WhiteTeamCountry "GER"]
[BlackTeamCountry "GER"]

1. e4 d5 2. exd5 Nf6 3. Nf3 Qxd5 4. Nc3 Qd6 5. Be2 a6 6. 0-0 Nc6 7. d3 e5 8. Re1 Be7 9. Bg5 Bf5 10. Bf1 0-0-0 11. Nd2 h6 12. Bh4 Nd7 13. Bxe7 Nxe7 14. Rb1 Nd5 15. Nc4 Qc5 16. Qf3 Be6 17. Ne4 Qe7 18. Ng3 Qf6 19. Qe4 Rhe8 20. b4 Nc3 21. Qe3 Nxb1 22. Rxb1 Bxc4 23. dxc4 Nb6 24. b5 axb5 25. cxb5 Qf4 1/2-1/2

[Event "GER MS-283 email"]
[Site "GER email"]
[Date "2018.05.24"]
[Round "?"]
[White "Boehmer, Michael"]
[Black "Hoehne, Ernst"]
[Result "1/2-1/2"]
[WhiteElo "2024"]
[BlackElo "2022"]
[PlyCount "52"]
[EventDate "2018.06.12"]
[EventType "tourn (corr)"]
[EventRounds "6"]
[EventCountry "GER"]
[SourceTitle "Corr 2020"]
[Source "ChessBase"]
[SourceDate "2019.09.30"]
[SourceVersion "1"]
[SourceVersionDate "2019.09.30"]
[SourceQuality "1"]

1. Nf3 d5 2. c4 d4 3. b4 f6 4. e3 e5 5. a3 a5 6. exd4 e4 7. Qe2 Qe7 8. Ng1 Nc6 9. Bb2 axb4 10. c5 Qe6 11. Qd1 Nge7 12. Bb5 Ra5 13. Ba4 b5 14. cxb6 Nd5 15. Ne2 Nxb6 16. Bb3 Qg4 17. 0-0 Rg5 18. Ng3 Qxd1 19. Bxd1 Nc4 20. Ba4 Bd7 21. Bxc6 Bxc6 22. Rc1 Bd5 23. axb4 Kd7 24. Ba3 Bd6 25. Nc3 Nxd2 26. h4 Rxg3 1/2-1/2

[Event "GER MS-283 email"]
[Site "GER email"]
[Date "2018.05.24"]
[Round "?"]
[White "Boehmer, Michael"]
[Black "Schoenberger, Kay"]
[Result "1/2-1/2"]
[WhiteElo "2024"]
[BlackElo "2043"]
[PlyCount "94"]
[EventDate "2018.06.12"]
[EventType "tourn (corr)"]
[EventRounds "6"]
[EventCountry "GER"]
[SourceTitle "Corr 2020"]
[Source "ChessBase"]
[SourceDate "2019.09.30"]
[SourceVersion "1"]
[SourceVersionDate "2019.09.30"]
[SourceQuality "1"]

1. d4 Nf6 2. c4 g6 3. Nc3 Bg7 4. e4 d6 5. Be2 0-0 6. Nf3 e5 7. 0-0 exd4 8. Nxd4 Re8 9. f3 Nc6 10. Be3 Nh5 11. Qd2 Nf4 12. Rf2 Bd7 13. Bf1 Nxd4 14. Bxf4 Be6 15. Rd1 c5 16. b3 Qa5 17. Rc1 Rad8 18. Bd3 a6 19. Bh6 Rd7 20. Bxg7 Kxg7 21. Qb2 Kg8 22. Rcf1 b5 23. h3 Rb7 24. cxb5 Nxb5 25. Ne2 Na3 26. Qc1 c4 27. bxc4 Nxc4 28. Nd4 Ne5 29. Bc2 Bc4 30. Rd1 Rc7 31. Qg5 Qc5 32. h4 h5 33. Rfd2 Rb8 34. Kh2 Bxa2 35. Ba4 Qa3 36. Ra1 Qxa4 37. Raxa2 Qd7 38. Rxa6 Ra7 39. Rxa7 Qxa7 40. Nf5 f6 41. Qe3 Qc7 42. Ng3 Qc1 43. Qd4 Nf7 44. Ne2 Qe1 45. Ng3 Qc1 46. Ne2 Qe1 47. Ng3 Qc1 1/2-1/2

[Event "GER MS-275 email"]
[Site "GER email"]
[Date "2018.01.06"]
[Round "?"]
[White "Boehmer, Michael"]
[Black "Herzog, Klaus"]
[Result "1/2-1/2"]
[WhiteElo "2038"]
[BlackElo "1953"]
[PlyCount "69"]
[EventDate "2018.01.15"]
[EventType "tourn (corr)"]
[EventRounds "6"]
[EventCountry "GER"]
[SourceTitle "Corr 2020"]
[Source "ChessBase"]
[SourceDate "2019.09.30"]
[SourceVersion "1"]
[SourceVersionDate "2019.09.30"]
[SourceQuality "1"]

1. d4 Nf6 2. Bg5 c5 3. d5 Ne4 4. Bf4 Qb6 5. Bc1 e6 6. f3 Nf6 7. c4 exd5 8. cxd5 c4 9. e3 Qa5+ 10. Nc3 b5 11. e4 Na6 12. Nge2 b4 13. Nb1 Nc5 14. Nd4 Ba6 15. Be2 Bd6 16. Nd2 c3 17. N2b3 Nxb3 18. Nxb3 Qb6 19. Bxa6 Qxa6 20. Qe2 Qb7 21. 0-0 0-0 22. bxc3 bxc3 23. Be3 Qc7 24. g3 Ba3 25. Qa6 Bb2 26. Rae1 Rfc8 27. Re2 Qc4 28. Qxc4 Rxc4 29. Rc2 Ra4 30. Kf2 a5 31. Rd1 d6 32. Bd4 Nd7 33. Rd3 Rc8 34. Ke3 g6 35. Bxc3 1/2-1/2

[Event "GER MS-266 email"]
[Site "GER email"]
[Date "2017.07.23"]
[Round "?"]
[White "Boehmer, Michael"]
[Black "Firsching, Guenter"]
[Result "1/2-1/2"]
[WhiteElo "2040"]
[BlackElo "2113"]
[PlyCount "38"]
[EventDate "2017.07.28"]
[EventType "tourn (corr)"]
[EventRounds "6"]
[EventCountry "GER"]
[SourceTitle "Corr 2020"]
[Source "ChessBase"]
[SourceDate "2019.09.30"]
[SourceVersion "1"]
[SourceVersionDate "2019.09.30"]
[SourceQuality "1"]

1. d4 d5 2. c4 c6 3. Nf3 Nf6 4. e3 Bf5 5. Nc3 e6 6. Nh4 Bg6 7. Nxg6 hxg6 8. Bd2 Nbd7 9. Rc1 Be7 10. g3 dxc4 11. Bxc4 0-0 12. 0-0 e5 13. Re1 a6 14. Qc2 b5 15. Be2 c5 16. dxc5 Nxc5 17. b4 Ncd7 18. a3 Nb6 19. Red1 Rc8 1/2-1/2

[Event "GER MS-266 email"]
[Site "GER email"]
[Date "2017.07.23"]
[Round "?"]
[White "Boehmer, Michael"]
[Black "Langheld, Werner"]
[Result "1/2-1/2"]
[WhiteElo "2040"]
[BlackElo "1957"]
[PlyCount "52"]
[EventDate "2017.07.28"]
[EventType "tourn (corr)"]
[EventRounds "6"]
[EventCountry "GER"]
[SourceTitle "Corr 2020"]
[Source "ChessBase"]
[SourceDate "2019.09.30"]
[SourceVersion "1"]
[SourceVersionDate "2019.09.30"]
[SourceQuality "1"]

1. Nf3 Nf6 2. c4 e6 3. b3 d5 4. Bb2 Be7 5. g3 0-0 6. Bg2 c5 7. 0-0 Nc6 8. d3 d4 9. e3 e5 10. Na3 Bg4 11. h3 Be6 12. Nc2 Qd7 13. b4 cxb4 14. exd4 exd4 15. Ncxd4 Nxd4 16. Nxd4 Bxh3 17. Qf3 Rae8 18. Rfb1 Bxg2 19. Kxg2 g6 20. a3 Ng4 21. axb4 Ne5 22. Qd5 Qxd5+ 23. cxd5 Nxd3 24. Rxa7 Bf6 25. Bc3 Rc8 26. Nc6 Bxc3 1/2-1/2

[Event "GER MS-266 email"]
[Site "GER email"]
[Date "2017.07.23"]
[Round "?"]
[White "Herzog, Klaus"]
[Black "Boehmer, Michael"]
[Result "1/2-1/2"]
[WhiteElo "1906"]
[BlackElo "2040"]
[PlyCount "48"]
[EventDate "2017.07.28"]
[EventType "tourn (corr)"]
[EventRounds "6"]
[EventCountry "GER"]
[SourceTitle "Corr 2020"]
[Source "ChessBase"]
[SourceDate "2019.09.30"]
[SourceVersion "1"]
[SourceVersionDate "2019.09.30"]
[SourceQuality "1"]

1. e4 d5 2. exd5 Nf6 3. Nf3 Qxd5 4. Nc3 Qd6 5. d4 a6 6. Bd3 g6 7. 0-0 Bg7 8. Re1 Nc6 9. Ne2 0-0 10. Bf4 Qd8 11. c3 Bg4 12. Ne5 Nxe5 13. Bxe5 e6 14. f3 Bf5 15. Bc4 h5 16. Ng3 h4 17. Nxf5 exf5 18. Bb3 Bh6 19. g4 hxg3 20. hxg3 Nh5 21. g4 Nf4 22. Qc2 Qg5 23. Bxf4 Qxf4 24. gxf5 Rae8 1/2-1/2

[Event "GER MS-249 email"]
[Site "GER email"]
[Date "2016.11.07"]
[Round "?"]
[White "Boehmer, Michael"]
[Black "Hahn, Werner"]
[Result "1-0"]
[WhiteElo "2016"]
[BlackElo "1994"]
[PlyCount "73"]
[EventDate "2016.11.11"]
[EventType "tourn (corr)"]
[EventRounds "6"]
[EventCountry "GER"]
[SourceTitle "Corr 2020"]
[Source "ChessBase"]
[SourceDate "2019.09.30"]
[SourceVersion "1"]
[SourceVersionDate "2019.09.30"]
[SourceQuality "1"]

1. d4 d5 2. Nf3 Nf6 3. c4 c6 4. e3 g6 5. Nc3 Bg7 6. Be2 0-0 7. 0-0 Be6 8. b3 a6 9. Bb2 b5 10. Rc1 Qd6 11. Re1 Bf5 12. Ne5 Nbd7 13. g4 Be6 14. f4 Rac8 15. c5 Qc7 16. Bf3 b4 17. Na4 Rb8 18. Nd3 Ne4 19. Rc2 a5 20. Rg2 Qb7 21. h4 Rbd8 22. Rf1 Ndf6 23. Kh1 Kh8 24. Rfg1 Rg8 25. Ne5 Nd7 26. h5 Nxe5 27. dxe5 gxh5 28. f5 Bc8 29. Bxe4 dxe4 30. Qf1 Qd7 31. Nb6 Qd3 32. Qf4 h4 33. Nxc8 Rxc8 34. g5 a4 35. Rh2 Bh6 36. Qxh4 Rxg5 37. Rxg5 1-0

[Event "GER MS-249 email"]
[Site "GER email"]
[Date "2016.11.07"]
[Round "?"]
[White "Hoffmann, Heiko"]
[Black "Boehmer, Michael"]
[Result "0-1"]
[WhiteElo "1901"]
[BlackElo "2016"]
[PlyCount "50"]
[EventDate "2016.11.11"]
[EventType "tourn (corr)"]
[EventRounds "6"]
[EventCountry "GER"]
[SourceTitle "Corr 2020"]
[Source "ChessBase"]
[SourceDate "2019.09.30"]
[SourceVersion "1"]
[SourceVersionDate "2019.09.30"]
[SourceQuality "1"]

1. e4 d5 2. exd5 Nf6 3. Nc3 Nxd5 4. Nxd5 Qxd5 5. d4 Nc6 6. Nf3 Bg4 7. Be2 0-0-0 8. Be3 e5 9. dxe5 Bxf3 10. Bxf3 Qa5+ 11. Bd2 Qxe5+ 12. Qe2 Qxb2 13. 0-0 Qxc2 14. Bxc6 Qxc6 15. Be3 Bd6 16. Rac1 Qe4 17. g3 a6 18. Rc4 Qf5 19. Rfc1 Rd7 20. Bd4 f6 21. Bc5 Re7 22. Qd2 Bxc5 23. Rxc5 Qe6 24. a4 h6 25. Qf4 c6 0-1

[Event "GER MS-249 email"]
[Site "GER email"]
[Date "2016.11.07"]
[Round "?"]
[White "Ilchen, Holger"]
[Black "Boehmer, Michael"]
[Result "0-1"]
[WhiteElo "1729"]
[BlackElo "2016"]
[PlyCount "54"]
[EventDate "2016.11.11"]
[EventType "tourn (corr)"]
[EventRounds "6"]
[EventCountry "GER"]
[SourceTitle "Corr 2020"]
[Source "ChessBase"]
[SourceDate "2019.09.30"]
[SourceVersion "1"]
[SourceVersionDate "2019.09.30"]
[SourceQuality "1"]

1. d4 Nf6 2. c4 g6 3. Nc3 Bg7 4. Nf3 0-0 5. e4 d6 6. Be2 e5 7. d5 a5 8. 0-0 Na6 9. Bg5 h6 10. Be3 Ng4 11. Bd2 f5 12. exf5 gxf5 13. Ne1 Qe8 14. f3 Nf6 15. Nd3 f4 16. Rc1 Qg6 17. Nb5 b6 18. a3 Bf5 19. Bc3 Nh5 20. Nf2 Rf7 21. Re1 Bf6 22. Bf1 Bh4 23. b4 Bxf2+ 24. Kxf2 Ng3 25. hxg3 fxg3+ 26. Ke2 axb4 27. Bb2 Nc5 0-1

[Event "GER MS-240 email"]
[Site "GER email"]
[Date "2016.04.28"]
[Round "?"]
[White "Boehmer, Michael"]
[Black "Tassone, Raffaele"]
[Result "1/2-1/2"]
[WhiteElo "1990"]
[BlackElo "1947"]
[PlyCount "37"]
[EventDate "2016.05.04"]
[EventType "tourn (corr)"]
[EventRounds "6"]
[EventCountry "GER"]
[SourceTitle "Corr 2022"]
[Source "ChessBase"]
[SourceDate "2021.10.24"]
[SourceVersion "1"]
[SourceVersionDate "2021.10.24"]
[SourceQuality "1"]

1. c4 e5 2. Nc3 Nf6 3. g3 Bb4 4. Bg2 0-0 5. Nf3 Re8 6. 0-0 e4 7. Ne1 Bxc3 8. dxc3 d6 9. Nc2 h6 10. Ne3 Nbd7 11. b3 b6 12. Qc2 Bb7 13. Rd1 a5 14. Nd5 a4 15. Rb1 axb3 16. axb3 Ra5 17. b4 Ra7 18. Ne3 Qc8 19. Bh3 1/2-1/2

[Event "GER MS-218 email"]
[Site "GER email"]
[Date "2015.05.21"]
[Round "?"]
[White "Hildebrand, Gerald"]
[Black "Boehmer, Michael"]
[Result "1-0"]
[WhiteElo "2151"]
[BlackElo "1969"]
[PlyCount "107"]
[EventDate "2015.06.05"]
[EventType "tourn (corr)"]
[EventRounds "6"]
[EventCountry "GER"]
[SourceTitle "Corr 2020"]
[Source "ChessBase"]
[SourceDate "2019.09.30"]
[SourceVersion "1"]
[SourceVersionDate "2019.09.30"]
[SourceQuality "1"]

1. d4 d5 2. c4 e5 3. dxe5 d4 4. Nf3 Nc6 5. Nbd2 Bg4 6. a3 Qe7 7. b4 0-0-0 8. Bb2 Nxe5 9. Nxe5 Qxe5 10. h3 Bh5 11. Qa4 a6 12. g4 Bg6 13. Nf3 Qe4 14. Bg2 d3 15. 0-0 dxe2 16. Rfe1 Qc2 17. Qxc2 Bxc2 18. Rxe2 Bg6 19. Ne5 f6 20. Nxg6 hxg6 21. Rae1 g5 22. c5 c6 23. Bc3 Ne7 24. Rxe7 Bxe7 25. Rxe7 Rd1+ 26. Kh2 Rd3 27. Re3 Rxe3 28. fxe3 Re8 29. e4 Kd7 30. Kg3 Ke6 31. Bf3 Rd8 32. Be2 Ke7 33. Be1 Re8 34. a4 Kf7 35. Bd3 Ke6 36. Kf3 Rh8 37. Bf1 Rd8 38. Bc4+ Ke7 39. e5 fxe5 40. Ke3 Rd1 41. Bc3 Rh1 42. Bxe5 Rxh3+ 43. Ke4 g6 44. Bd6+ Kf6 45. Bc7 Ke7 46. b5 axb5 47. Bd6+ Kf6 48. axb5 Ra3 49. Bc7 Ke7 50. Ke5 Re3+ 51. Kd4 Ra3 52. b6 Ra4 53. Kd3 Kf6 54. Bd5 1-0

[Event "GER-chT10 LJ-23 Br04 email"]
[Site "GER email"]
[Date "2013.10.04"]
[Round "?"]
[White "Boehmer, Michael"]
[Black "Balzert, Antonius"]
[Result "1-0"]
[WhiteElo "1950"]
[BlackElo "2108"]
[PlyCount "81"]
[EventDate "2013.10.15"]
[EventType "tourn (corr)"]
[EventRounds "8"]
[EventCountry "GER"]
[SourceTitle "Corr 2015"]
[Source "ChessBase"]
[SourceDate "2015.07.17"]
[SourceVersion "1"]
[SourceVersionDate "2015.07.17"]
[SourceQuality "1"]

1. d4 Nf6 2. Bg5 Ne4 3. Bf4 c5 4. f3 Qa5+ 5. c3 Nf6 6. d5 Qb6 7. Bc1 e6 8. c4 exd5 9. cxd5 d6 10. e4 g6 11. Ne2 a6 12. Nec3 Bg7 13. Be2 Nbd7 14. 0-0 Qc7 15. a4 0-0 16. Na3 Re8 17. Be3 Nh5 18. Qd2 Ne5 19. Bh6 Bh8 20. g4 Nf6 21. h3 Rb8 22. Kg2 Bd7 23. Bg5 h5 24. Bxf6 Bxf6 25. f4 hxg4 26. fxe5 gxh3+ 27. Kh1 Bxe5 28. Nc4 Bg7 29. Qf4 Re7 30. e5 dxe5 31. Qg3 Qd8 32. Ne4 b5 33. Ncd6 bxa4 34. Bc4 Rb4 35. Qg5 Qf8 36. Ra3 Rxc4 37. Nxc4 Bb5 38. Rxh3 Qd8 39. Nf6+ Kf8 40. Rf2 Bxc4 41. Rfh2 1-0

[Event "GER-chT10 LJ-23 Br04 email"]
[Site "GER email"]
[Date "2013.10.04"]
[Round "?"]
[White "Boehmer, Michael"]
[Black "Schuster, Ullrich"]
[Result "1/2-1/2"]
[WhiteElo "1950"]
[BlackElo "2100"]
[PlyCount "47"]
[EventDate "2013.10.15"]
[EventType "tourn (corr)"]
[EventRounds "8"]
[EventCountry "GER"]
[SourceTitle "Corr 2015"]
[Source "ChessBase"]
[SourceDate "2015.07.17"]
[SourceVersion "1"]
[SourceVersionDate "2015.07.17"]
[SourceQuality "1"]

1. d4 Nf6 2. Bg5 e6 3. e4 h6 4. Bxf6 Qxf6 5. Nc3 Bb4 6. Qd3 d5 7. 0-0-0 0-0 8. Kb1 c5 9. exd5 cxd4 10. Qxd4 Qxd4 11. Rxd4 Bxc3 12. bxc3 exd5 13. Rxd5 Be6 14. Rd6 Nd7 15. Ne2 Rac8 16. Nf4 Nb6 17. Nxe6 fxe6 18. f3 Kf7 19. Kb2 Rc5 20. Bd3 Na4+ 21. Kb3 Ke7 22. Rd4 Nxc3 23. Re1 Nd5 24. Ra4 1/2-1/2

[Event "GER-chT10 LJ-23 Br04 email"]
[Site "GER email"]
[Date "2013.10.04"]
[Round "?"]
[White "Boehmer, Michael"]
[Black "Woltmann, Michael"]
[Result "1/2-1/2"]
[WhiteElo "1950"]
[BlackElo "2062"]
[PlyCount "88"]
[EventDate "2013.10.15"]
[EventType "tourn (corr)"]
[EventRounds "8"]
[EventCountry "GER"]
[SourceTitle "Corr 2015"]
[Source "ChessBase"]
[SourceDate "2015.07.17"]
[SourceVersion "1"]
[SourceVersionDate "2015.07.17"]
[SourceQuality "1"]

1. d4 f5 2. Bg5 h6 3. Bh4 g5 4. Bg3 d6 5. e3 Nf6 6. h4 g4 7. Ne2 Nh5 8. Nf4 Nxf4 9. Bxf4 Bg7 10. Nc3 Nc6 11. Bc4 Bd7 12. h5 e6 13. Bg3 Bf6 14. 0-0 Qe7 15. d5 Ne5 16. dxe6 Bxe6 17. Bxe6 Qxe6 18. Qd5 Kd7 19. Qb5+ Kc8 20. Nd5 c6 21. Nf4 cxb5 22. Nxe6 Nc4 23. Rfd1 Bxb2 24. Rab1 Re8 25. Nd4 a6 26. Nxf5 Be5 27. Nxd6+ Nxd6 28. Bxe5 Rxe5 29. Rxd6 Rxh5 30. Rg6 Rg5 31. Rxh6 Kc7 32. Rh7+ Kc6 33. Kf1 Rc5 34. Rh6+ Kc7 35. Rb2 Rc8 36. Rg6 Rc4 37. Ke2 b4 38. Kd3 Rc3+ 39. Kd2 Rc4 40. Rf6 a5 41. Rf4 Rd8+ 42. Kc1 Rxf4 43. exf4 Rd4 44. g3 a4 1/2-1/2

[Event "GER OS-149 email"]
[Site "GER email"]
[Date "2010.11.23"]
[Round "?"]
[White "Heiermann, Ludger"]
[Black "Boehmer, Michael"]
[Result "1/2-1/2"]
[WhiteElo "1657"]
[BlackElo "1785"]
[PlyCount "58"]
[EventDate "2010.11.30"]
[EventType "tourn (corr)"]
[EventRounds "6"]
[EventCountry "GER"]
[SourceTitle "Corr 2015"]
[Source "ChessBase"]
[SourceDate "2015.07.17"]
[SourceVersion "1"]
[SourceVersionDate "2015.07.17"]
[SourceQuality "1"]
[WhiteTeam "Germany"]
[BlackTeam "Germany"]
[WhiteTeamCountry "GER"]
[BlackTeamCountry "GER"]

1. e4 d5 2. exd5 Nf6 3. d4 Bg4 4. f3 Bf5 5. Bb5+ Nbd7 6. Nc3 a6 7. Bd3 Bxd3 8. Qxd3 Nb6 9. Nge2 Nfxd5 10. Ne4 Nb4 11. Qd2 e5 12. a3 Nc6 13. dxe5 Qxd2+ 14. Bxd2 Nxe5 15. Bf4 Nbd7 16. Bxe5 Nxe5 17. 0-0-0 Nd7 18. Rhe1 h6 19. h4 0-0-0 20. h5 Be7 21. Nd4 Rhe8 22. Nf5 Bf8 23. b4 Re5 24. g4 g6 25. Nfg3 Re7 26. Kb2 Ne5 27. Rxd8+ Kxd8 28. Rf1 b5 29. Kb3 c6 1/2-1/2

[Event "GER OS-140 email"]
[Site "GER email"]
[Date "2010.07.30"]
[Round "?"]
[White "Boehmer, Michael"]
[Black "Rabo, Klaus"]
[Result "1-0"]
[WhiteElo "1716"]
[BlackElo "1668"]
[PlyCount "67"]
[EventDate "2010.08.10"]
[EventType "tourn (corr)"]
[EventRounds "6"]
[EventCountry "GER"]
[SourceTitle "Corr 2013"]
[Source "ChessBase"]
[SourceDate "2012.11.12"]
[SourceVersion "1"]
[SourceVersionDate "2012.11.12"]
[SourceQuality "1"]

1. d4 d5 2. Bg5 Bf5 3. c4 c6 4. Qb3 Qd7 5. Nf3 f6 6. Bf4 dxc4 7. Qxc4 Na6 8. Nbd2 g5 9. Bg3 h5 10. h3 h4 11. Bh2 Bg6 12. e4 Nc7 13. Rc1 Ne6 14. d5 Nd8 15. Nd4 a6 16. dxc6 bxc6 17. e5 Bf7 18. Qa4 Bg7 19. Nc4 Bxc4 20. Bxc4 fxe5 21. Nf3 Bf6 22. 0-0 e4 23. Rfd1 Qb7 24. Qc2 e6 25. Bxe6 Ne7 26. Bd7+ Kf8 27. Be5 Bxe5 28. Nxe5 Rg8 29. Rd6 Qb4 30. Rcd1 Rb8 31. a3 Qa5 32. Rf6+ Kg7 33. Qxe4 Qd5 34. Rxd5 1-0

[Event "GER-chT8 LH-23 Br4 email"]
[Site "GER email"]
[Date "2009.10.09"]
[Round "?"]
[White "Bittner, Axel"]
[Black "Boehmer, Michael"]
[Result "1/2-1/2"]
[WhiteElo "1954"]
[BlackElo "1785"]
[PlyCount "50"]
[EventDate "2009.10.15"]
[EventType "tourn (corr)"]
[EventRounds "8"]
[EventCountry "GER"]
[SourceTitle "Corr 2020"]
[Source "ChessBase"]
[SourceDate "2019.09.30"]
[SourceVersion "1"]
[SourceVersionDate "2019.09.30"]
[SourceQuality "1"]

1. c4 e5 2. Nc3 d6 3. g3 g6 4. Bg2 Bg7 5. e4 Nc6 6. d3 Nge7 7. Nge2 0-0 8. 0-0 Bg4 9. f3 Be6 10. Nd5 Qd7 11. Be3 Nd4 12. Nxd4 exd4 13. Bd2 Rab8 14. Qc2 b5 15. b3 c5 16. Nf4 a6 17. a3 Rfc8 18. Rac1 Nc6 19. Nxe6 Qxe6 20. f4 Qd7 21. Bf3 h5 22. Be1 Rb6 23. Bd2 Rbb8 24. Rb1 Rb6 25. Rbc1 Rbb8 1/2-1/2

[Event "GER-chT8 LH-23 Br4 email"]
[Site "GER email"]
[Date "2009.10.09"]
[Round "?"]
[White "Boehmer, Michael"]
[Black "Ollmann, Hans Paul"]
[Result "1/2-1/2"]
[WhiteElo "1785"]
[BlackElo "2178"]
[PlyCount "50"]
[EventDate "2009.10.15"]
[EventType "tourn (corr)"]
[EventRounds "8"]
[EventCountry "GER"]
[SourceTitle "Corr 2020"]
[Source "ChessBase"]
[SourceDate "2019.09.30"]
[SourceVersion "1"]
[SourceVersionDate "2019.09.30"]
[SourceQuality "1"]

1. d4 Nf6 2. Bg5 Ne4 3. Bf4 d5 4. f3 Nf6 5. e4 dxe4 6. Nc3 Nd5 7. Nxd5 Qxd5 8. Bxc7 Nc6 9. c3 Bf5 10. Be2 e6 11. fxe4 Bxe4 12. Nf3 Rc8 13. Bg3 Bd6 14. Bxd6 Qxd6 15. 0-0 0-0 16. Qa4 a6 17. Rae1 Bd5 18. Rf2 Rcd8 19. Bd3 Bxf3 20. Rxf3 e5 21. Be4 exd4 22. Bxc6 Qxc6 23. Qxc6 bxc6 24. cxd4 Rxd4 25. Ra3 Rd2 1/2-1/2

[Event "GER-chT8 LH-23 Br4 email"]
[Site "GER email"]
[Date "2009.10.09"]
[Round "?"]
[White "Liedtke, Dirk"]
[Black "Boehmer, Michael"]
[Result "1/2-1/2"]
[WhiteElo "2174"]
[BlackElo "1785"]
[PlyCount "36"]
[EventDate "2009.10.15"]
[EventType "tourn (corr)"]
[EventRounds "8"]
[EventCountry "GER"]
[SourceTitle "Corr 2020"]
[Source "ChessBase"]
[SourceDate "2019.09.30"]
[SourceVersion "1"]
[SourceVersionDate "2019.09.30"]
[SourceQuality "1"]

1. c4 e5 2. Nc3 d6 3. g3 f5 4. Bg2 Nf6 5. d4 c6 6. Nf3 e4 7. Ng5 h6 8. Nh3 g5 9. f3 d5 10. 0-0 Bg7 11. Nf2 0-0 12. b3 Be6 13. fxe4 fxe4 14. Qd2 Qd7 15. Ba3 Rf7 16. Rac1 Na6 17. Ncd1 Ne8 18. Bb2 Nd6 1/2-1/2

[Event "GER-chT8 LH-23 Br4 email"]
[Site "GER email"]
[Date "2009.10.09"]
[Round "?"]
[White "Wallinger, Manfred"]
[Black "Boehmer, Michael"]
[Result "1/2-1/2"]
[WhiteElo "2109"]
[BlackElo "1785"]
[PlyCount "50"]
[EventDate "2009.10.15"]
[EventType "tourn (corr)"]
[EventRounds "8"]
[EventCountry "GER"]
[SourceTitle "Corr 2020"]
[Source "ChessBase"]
[SourceDate "2019.09.30"]
[SourceVersion "1"]
[SourceVersionDate "2019.09.30"]
[SourceQuality "1"]

1. d4 Nf6 2. Bg5 e6 3. e3 h6 4. Bh4 c5 5. c3 d5 6. Nd2 Nbd7 7. f4 Qb6 8. Rb1 cxd4 9. exd4 Bd6 10. Nh3 Qc7 11. Qf3 Rb8 12. Bd3 b5 13. 0-0 0-0 14. Rbc1 b4 15. c4 dxc4 16. Nxc4 Bb7 17. Qe2 Rbc8 18. Rc2 Qb8 19. Ne5 Rxc2 20. Bxc2 Bd5 21. Nf2 b3 22. axb3 Bxb3 23. Bxb3 Qxb3 24. Nfd3 Rc8 25. Qf3 Qb6 1/2-1/2

[Event "GER-chT KG-35 Br4 email"]
[Site "GER email"]
[Date "2008.??.??"]
[Round "?"]
[White "Bahr, Peter"]
[Black "Boehmer, Michael"]
[Result "0-1"]
[WhiteElo "1640"]
[BlackElo "1640"]
[PlyCount "60"]
[EventDate "2008.??.??"]
[EventType "tourn (corr)"]
[EventRounds "7"]
[EventCountry "GER"]
[SourceTitle "Corr 2011"]
[Source "ChessBase"]
[SourceDate "2010.08.31"]
[SourceVersion "1"]
[SourceVersionDate "2010.08.31"]
[SourceQuality "1"]

1. d4 Nf6 2. c4 g6 3. Nc3 Bg7 4. e4 d6 5. Nf3 0-0 6. Be2 e5 7. 0-0 Nc6 8. d5 Ne7 9. Bg5 h6 10. Bd2 Bd7 11. Qb3 b6 12. Qc2 g5 13. b4 Ng6 14. Rfd1 a5 15. a3 g4 16. Ne1 Nf4 17. Bf1 N6h5 18. g3 Nh3+ 19. Bxh3 gxh3 20. f3 f5 21. bxa5 Rxa5 22. Nb5 Ra8 23. a4 f4 24. g4 Bxg4 25. fxg4 Qg5 26. Kf2 Qxg4 27. Qb3 f3 28. c5 Nf6 29. Nc3 Qh4+ 30. Ke3 Nd7 0-1